Apparatus iuris ecclesiastici iuxta recentissimos SS. urbis congregationum resolutiones in usum episcoporum et sacerdotium.

Detalles Bibliográficos
Autor principal: ZITELLE, Zeferino
Formato: Libro
Publicado: Roma 1888
Edición:2a ed.
Materias:
Colección:Banco de datos
Acervo:Biblioteca Nacional de Antropología e Historia. Fondo Conventual
Tema general:Derecho Eclesiástico
Notas:Buena. XXI,4,2. Ex libris de la librería religiosa.
LEADER 00771nam a22002050004500
035 |a 10987 
036 |a 5592 
100 1 |a ZITELLE, Zeferino 
245 1 0 |a Apparatus iuris ecclesiastici iuxta recentissimos SS. urbis congregationum resolutiones in usum episcoporum et sacerdotium. 
250 |a 2a ed. 
260 |a Roma  |b Soc. Edit. Rom.  |c 1888 
500 |a Buena. XXI,4,2. Ex libris de la librería religiosa. 
650 1 0 |a Derecho Eclesiástico 
949 |a B.N.A.H. 
959 |a Biblioteca Nacional de Antropología e Historia. Ciudad de México  |b CCC1 
960 |a Seminario de Morelia  |b DD56 
961 |a Casa de formación del Clero Secular  |b CS 
942 |c B.N.A.H. 
943 |g Biblioteca Nacional de Antropología e Historia. Fondo Conventual 
999 |c 1035519  |d 1035519